Energie z biomasy

Gespeichert in:
Bibliographische Detailangaben
1. Verfasser: Murtinger, Karel
Weitere Verfasser: Beranovský, Jiří
Format: Buch
Sprache:Tschechisch
Veröffentlicht: Brno ERA group 2006
Schlagworte:
Tags: Tag hinzufügen
Keine Tags, Fügen Sie das erste Tag hinzu!

MARC

LEADER 00000nam$a2200000$$$4500
001 0077337
005 20220805104410.9
020 |a 80-7366-071-7 
041 0 |a cze 
044 |a CZ 
245 1 0 |a Energie z biomasy  |c Karel Murtinger, Jiří Beranovský 
264 1 |a Brno  |b ERA group  |c 2006 
300 |a 94 s. 
610 2 0 |a bioenergetika 
610 2 0 |a palivá 
610 2 0 |a využitie energie 
610 2 0 |a bioplyn 
610 2 0 |a zdroje energie 
610 2 0 |a investície 
610 2 0 |a teplo 
610 2 0 |a byty 
610 2 0 |a elektrina 
610 2 0 |a ekonomika ekologická 
610 2 0 |a rozhodovanie 
100 1 |a Murtinger, Karel 
700 1 |a Beranovský, Jiří